La música medieval
Salvato in:
| Autore principale: | |
|---|---|
| Natura: | Libro |
| Lingua: | spagnolo |
| Pubblicazione: |
Madrid
Akal
2000
|
| Edizione: | 1a. ed |
| Serie: | Akal Música, 1
|
| Soggetti: | |
| Tags: |
Aggiungi Tag
Nessun Tag, puoi essere il primo ad aggiungerne!!
|
MARC
| LEADER | 00000cam a2200000 a 4500 | ||
|---|---|---|---|
| 001 | UCE1655 | ||
| 003 | CL-VaPUC | ||
| 005 | 20231020120705.0 | ||
| 008 | 140508e20000000sp |||||||||||||||||spa|d | ||
| 999 | |c 355394 |d 355392 | ||
| 020 | |a 8476006837 | ||
| 040 | |c Pontificia Universidad Católica de Valparaíso | ||
| 082 | 0 | 4 | |a 780.902 HOP 2000 |2 21 |
| 100 | 0 | |a Hoppin, Richard H |e author |9 574015 | |
| 245 | 1 | 3 | |a La música medieval |
| 250 | |a 1a. ed | ||
| 260 | |a Madrid |b Akal |c 2000 | ||
| 300 | |a 575 p | ||
| 490 | 0 | |a Akal Música, 1 | |
| 583 | |a last modification |c 20140508 16:03:00 |k Rodrigo Vera | ||
| 650 | 0 | |a Música medieval |9 391244 | |
| 650 | 0 | |a Historia de la música |9 306741 | |
| 650 | 0 | |a Edad media |9 258041 | |
| 942 | |c BK |2 ddc | ||
| 945 | |d 20140508 16:03:00 |a dcastane | ||
| 952 | |0 0 |1 0 |2 ddc |3 erd |4 0 |6 780_902000000000000_HOP_2000 |7 0 |8 A |9 462102 |a BIBEDU |b BIBEDU |i 5076471 |l 3 |m 2 |o 780.902 HOP 2000 |p 5076471 |r 2023-04-03 |s 2023-03-23 |w 2019-11-23 |y BK |z Catalogado en:20140508 |k MUS | ||